| 000 | 00394cam a22001097a 4500 | ||
|---|---|---|---|
| 008 | 180718b1974 xxu||||| |||| 00| 0 eng d | ||
| 082 | _aOA6x54 In2 | ||
| 245 |
_aReport of the study group on wayside amenities: September, 1972 _cby Ministry of Shipping & Transport |
||
| 260 |
_aNew Delhi _bThe Controller of Publications _c1974 |
||
| 300 | _a77p. | ||
| 700 | _aIndia. Ministry of Shipping & Transport | ||
| 999 |
_c494261 _d494261 |
||